Normal view MARC view
  • Lind, Larry Frederick

Entry Personal Name

Number of records used in: 1

001 - CONTROL NUMBER

  • control field: 103240

003 - CONTROL NUMBER IDENTIFIER

  • control field: NUST

005 - DATE AND TIME OF LATEST TRANSACTION

  • control field: 20221121103435.0

008 - FIXED-LENGTH DATA ELEMENTS

  • fixed length control field: 221121|| aca||aabn | a|a d

040 ## - CATALOGING SOURCE

  • Original cataloging agency: NUST
  • Transcribing agency: NUST

100 ## - HEADING--PERSONAL NAME

  • Personal name: Lind, Larry Frederick

670 ## - SOURCE DATA FOUND

  • Source citation: Work cat.: (NUST)181378: Lind, Larry Frederick., Analysis and design of sequential digital systems /, 1977.
© 2023 Central Library, National University of Sciences and Technology. All Rights Reserved.